| 000 | 00000nam 2200000zi 4500 |
| 001 | 9.941002 |
| 003 | CaOODSP |
| 005 | 20240806100338 |
| 006 | m o d f |
| 007 | cr |n||||||||| |
| 008 | 240724s1984 abcad ob f000 0 eng d |
| 040 | |aCaOODSP|beng|erda|cCaOODSP |
| 043 | |an-cn-ab |
| 086 | 1 |aDR52-6/31-1984E-PDF |
| 100 | 1 |aMarkov, A. B., |eauthor. |
| 245 | 10|aROBOT-9 performance scatter and safety- envelope (U) / |cby A.B. Markov. |
| 246 | 34|aROBOT-9 performance scatter and safety-envelope |
| 246 | 35|aROBOT-9 performance scatter and safety-envelope (U) |
| 264 | 1|aRalston, Alberta : |bDefence Research Establishment Suffield : |bNational Defence = Défense nationale, |c[1984] |
| 300 | |a1 online resource (vi, 13 pages, 26 unnumbered pages) : |billustrations, charts |
| 336 | |atext|btxt|2rdacontent |
| 337 | |acomputer|bc|2rdamedia |
| 338 | |aonline resource|bcr|2rdacarrier |
| 490 | 1 |aSuffield memorandum ; |vno. 1075 |
| 500 | |a"PCN No. 21V75, Task DMCS 117"--title page. |
| 500 | |a"September 1984". |
| 500 | |aDigitized edition from print [produced by Defence Research and Development Canada]. |
| 504 | |aIncludes bibliographical references (page 13). |
| 520 | |a"The performance of a free flight, ballistic, multistaged, rocket-boosted aerial target designated ROBOT-9 is described. This target is the second vehicle in the ROBOT family of targets, and uses a four stage propulsion system based on the Canadian developed CRV-7 rocket motor. The performance results were obtained using a nonlinear, six degree-of-freedom dynamic model. They include a description of nominal performance under standard conditions, the scattering effects of various environmental conditions, and the specification of a safety-envelope based on a set of worst-case conditions. Performance comparisons are included with the original U.S. Army BATS and with CRV7/BATS."--Abstract (page ii). |
| 650 | 0|aBallistic missiles|zCanada|xTrajectories|xComputer simulation. |
| 650 | 0|aBallistic missiles|zCanada|xTesting. |
| 650 | 6|aMissiles balistiques|zCanada|xTrajectoires|xSimulation par ordinateur. |
| 650 | 6|aMissiles balistiques|zCanada|xTests. |
| 655 | 7|aTechnical reports|2lcgft |
| 655 | 7|aRapports techniques|2rvmgf |
| 710 | 2 |aDefence Research Establishment Suffield, |eissuing body. |
| 710 | 1 |aCanada. |bDepartment of National Defence, |eissuing body. |
| 830 | #0|aSuffield memorandum ;|vno. 1075.|w(CaOODSP)9.926310 |
| 856 | 40|qPDF|s1.74 MB|uhttps://publications.gc.ca/collections/collection_2024/rddc-drdc/DR52-6-31-1984-eng.pdf |
| 986 | |aSM 1075 |